00557nam a2200145 a 450000100100000000500170001000800410002702000150006804000250008311101040010824500600021225000110027226000980028330000300038100003797220201002031138.0130311s2003 dr a 000 0 spa d a9993461563 aDO-SdBNPbspacBNPHU1 aSeminario internacional estado, gestión y controln(2 :d(2002, sep. 26, 27, 28 :cSanto Domingo) 0aII seminario internacional estado, gestión y control. a2a ed. aSanto Domingo :bAsociación Nacional de Contadores y Auditores del Sector Público,c2003. a248 p. :bretr. ;c23 cm.